Inducción de defensa en Papa (Solanum tuberosum L.) por fungicidas no específicos contra el oomiceto Phytophthora infestans (Mont.) de Bary / (Record no. 208329)
[ view plain ]
| 000 -CABECERA | |
|---|---|
| campo de control de longitud fija | 01035nam a2200313Ia 4500 |
| 001 - NÚMERO DE CONTROL | |
| campo de control | Para_9653 |
| 003 - IDENTIFICADOR DEL NÚMERO DE CONTROL | |
| campo de control | CHAP |
| 008 - DATOS DE LONGITUD FIJA--INFORMACIÓN GENERAL | |
| campo de control de longitud fija | 220125s9999 xx 000 0 und d |
| 010 ## - NÚMERO DE CONTROL DE LA BIBLIOTECA DEL CONGRESO | |
| Número de control de LC | 208329 |
| 040 ## - FUENTE DE LA CATALOGACIÓN | |
| Centro/agencia transcriptor | CHAP |
| 090 ## - LOCALMENTE ASIGNADO TIPO-LC NÚMERO DE CLASIFICACIÓN (OCLC); NÚMERO DE CLASIFICACIÓN LOCAL (RLIN) | |
| Número de clasificación (OCLC) (R) ; Numero de clasificación, CALL (RLIN) (NR) | PA TESIS 2274 |
| 100 ## - ENTRADA PRINCIPAL--NOMBRE DE PERSONA | |
| Nombre de persona | Robledo Esqueda Martha Nayeli |
| 9 (RLIN) | 98035 |
| 245 ## - MENCIÓN DE TÍTULO | |
| Título | Inducción de defensa en Papa (Solanum tuberosum L.) por fungicidas no específicos contra el oomiceto Phytophthora infestans (Mont.) de Bary / |
| Mención de responsabilidad, etc. | Martha Nayeli Robledo Esqueda |
| 260 ## - PUBLICACIÓN, DISTRIBUCIÓN, ETC. | |
| Lugar de publicación, distribución, etc. | Chapingo, Méx. : |
| Nombre del editor, distribuidor, etc. | el autor, 2009 |
| 300 ## - DESCRIPCIÓN FÍSICA | |
| Extensión | 87 h. |
| 520 ## - SUMARIO, ETC. | |
| Sumario, etc. | Tesis ( |
| 650 ## - PUNTO DE ACCESO ADICIONAL DE MATERIA--TÉRMINO DE MATERIA | |
| Término de materia o nombre geográfico como elemento de entrada | Fungicidas |
| 9 (RLIN) | 44044 |
| 650 ## - PUNTO DE ACCESO ADICIONAL DE MATERIA--TÉRMINO DE MATERIA | |
| Término de materia o nombre geográfico como elemento de entrada | Metabolitos |
| 9 (RLIN) | 75157 |
| 650 ## - PUNTO DE ACCESO ADICIONAL DE MATERIA--TÉRMINO DE MATERIA | |
| Término de materia o nombre geográfico como elemento de entrada | Papa |
| Subdivisión general | enfermedades por nematodo |
| 9 (RLIN) | 174650 |
| 650 ## - PUNTO DE ACCESO ADICIONAL DE MATERIA--TÉRMINO DE MATERIA | |
| Término de materia o nombre geográfico como elemento de entrada | Papa |
| Subdivisión general | variedades resistentes a enfermedades |
| 9 (RLIN) | 85301 |
| 710 ## - PUNTO DE ACCESO ADICIONAL--NOMBRE DE ENTIDAD CORPORATIVA | |
| Nombre de entidad corporativa o nombre de jurisdicción como elemento de entrada | UACh. Departamento Parasitología Agrícola |
| 9 (RLIN) | 164025 |
| 901 ## - ELEMENTOS DE DATOS A LOCAL LDA (RLIN) | |
| a | PA TESIS 2274 |
| 902 ## - ELEMENTOS DE DATOS B LOCAL, LDB (RLIN) | |
| a | A |
| 905 ## - ELEMENTOS DE DATOS E LOCAL, LDE (RLIN) | |
| a | 520220 8000000000 00 |
| 910 ## - DATOS DE OPCIÓN DEL USUARIO (OCLC) | |
| Datos de opción del usuario | |
| 942 ## - ELEMENTOS DE PUNTO DE ACCESO ADICIONAL (KOHA) | |
| Tipo de ítem Koha | Parasitologia_ |
| 942 ## - ELEMENTOS DE PUNTO DE ACCESO ADICIONAL (KOHA) | |
| Tipo de ítem Koha | Parasitologia_ |
| -- | 2 |
| Estado de retiro | Estado de pérdida | Fuente del sistema de clasificación o colocación | Estado dañado | No para préstamo | Código de colección | Localización permanente | Ubicación/localización actual | Ubicación en estantería | Fecha de adquisición | Información codificada de la localización en otra ubicación | Total de préstamos | Código de barras | Fecha visto por última vez | Número de copia | Precio válido a partir de | Tipo de ítem Koha | Nota pública |
|---|---|---|---|---|---|---|---|---|---|---|---|---|---|---|---|---|---|
| Clasificación Universidad Autónoma de Chapingo | Tesis | Parasitologia Agricola | Parasitologia Agricola | 01/07/2011 | PARA | PA_09674-2 | 25/01/2022 | 2 | 25/01/2022 | Tesis | 3 | ||||||
| Clasificación Universidad Autónoma de Chapingo | Tesis | Parasitologia Agricola | Parasitologia Agricola | 01/07/2011 | PARA | PA_09674 | 25/01/2022 | 1 | 25/01/2022 | Tesis | 2 |
